000 00573nam a2200181 i 4500
001 130500
003 ES-MaACL
005 20230906193747.0
007 t|
008 070730s1933 xxk ||||1| eng d
100 1 _aZappa, Paolo.
_9118022
245 1 0 _aUnclean! unclean! /
_cby Paolo Zappa ; translated from the italian by Edward Storer with an introduction by Sir Leonard Rogers.
260 _aLondon :
_bLovat Dickson,
_c1933.
300 _a191 p. ;
_c20 cm.
700 1 _aStorer, Edward.
_9108328
700 1 _aRogers, Leonard.
_998947
852 _aES-MaACL
_jA-1854
999 _c130500
_d130500